[Event "Challenge"]
[Site "http://www.queenalice.com/game.php?id=736821"]
[Date "2010.2.24"]
[Round "-"]
[White "tomcolli"]
[Black "Jodaia"]
[Result "1-0"]
[WhiteElo "1404"]
[BlackElo "1560"]

1. e4 e5 2. Bc4 Nf6 3. Nc3 d6 4. h3 c6 5. d4 exd4 6. Qxd4 c5 7. Qe3 Nc6 8. Nf3
Nb4 9. Bb3 c4 10. Ba4+ Bd7 11. Bxd7+ Qxd7 12. Nd4 g6 13. Qg5 Bg7 14. O-O Nxe4
15. Nxe4 Bxd4 16. c3 Qe6 17. Re1 Qd7 18. Nc5+ Be5 19. Nxd7 Kxd7 20. f4 h6 21.
Qg4+ f5 22. Qxg6 Nd5 23. Qxf5+ Kc6 24. Qe6 Bxf4 25. Bxf4 Nxf4 26. Qe4+ Nd5 27.
Qxc4+ Kd7 28. Qxd5 Rhe8 29. Qb5+ 1-0

[Event "Challenge"]
[Site "http://www.queenalice.com/game.php?id=741018"]
[Date "2010.3.4"]
[Round "-"]
[White "tomcolli"]
[Black "sergio_damian"]
[Result "0-1"]
[WhiteElo "1420"]
[BlackElo "1630"]

1. Nc3 d5 2. d4 Nf6 3. h3 Nc6 4. a3 h6 5. Be3 e5 6. dxe5 Nxe5 7. Bd4 Nc6 8. Qd3
Nxd4 9. Qxd4 c6 10. e3 Be7 11. Bd3 Bd7 12. Nf3 c5 13. Qe5 O-O 14. Nxd5 Re8 15.
Nc7 Rc8 16. Nxe8 Qxe8 17. g4 c4 18. Be4 Nxe4 19. Qxe4 Bb4+ 20. Nd2 Bxd2+ 21.
Kxd2 Qxe4 22. Rad1 Bc6 23. Kc3 Qe5+ 24. Kxc4 Bxh1+ 0-1

[Event "AUTO-INT-1630"]
[Site "http://www.queenalice.com/game.php?id=741118"]
[Date "2010.3.4"]
[Round "1"]
[White "tomcolli"]
[Black "koshnarek"]
[Result "1-0"]
[WhiteElo "1339"]
[BlackElo "1635"]

1. e4 Nc6 2. d4 e5 3. d5 Nd4 4. c3 Ne6 5. dxe6 dxe6 6. Nd2 Bc5 7. Qf3 Ne7 8. Nc4
Nc6 9. Be3 Bxe3 10. Qxe3 b6 11. Rd1 Qe7 12. Nf3 h6 13. Ncxe5 Nxe5 14. Nxe5 Qc5
15. Qxc5 bxc5 16. Bb5+ Ke7 17. Nc6+ Kf6 18. e5+ Kg5 19. h4+ Kg4 20. Ne7 Bb7 21.
Be2+ Kf4 22. Rh3 Kxe5 23. Bf3 Bxf3 24. Rxf3 Rhf8 25. Nc6+ Ke4 26. Ke2 f5 27. g3
g5 28. Re3# 1-0

[Event "AUTO-INT-1630"]
[Site "http://www.queenalice.com/game.php?id=741119"]
[Date "2010.3.4"]
[Round "1"]
[White "koshnarek"]
[Black "tomcolli"]
[Result "1-0"]
[WhiteElo "1635"]
[BlackElo "1428"]

1. e4 d5 2. d3 e5 3. exd5 Qxd5 4. Nc3 Qa5 5. Bd2 Nf6 6. Nf3 Bg4 7. h3 Bxf3 8.
Qxf3 Nc6 9. Ne4 Nd4 10. Bxa5 Nxf3+ 11. gxf3 Nd5 12. c4 b6 13. cxd5 bxa5 14. a4
Rd8 15. Nc3 Bb4 16. Rb1 Rxd5 17. Kd2 c5 18. Kc2 Rd4 19. Nb5 Rd7 20. h4 O-O 21.
Bh3 f5 22. h5 h6 23. Rhg1 e4 24. fxe4 fxe4 25. Bxd7 Rxf2+ 26. Kb3 exd3 27. Nxa7
d2 28. Nc6 Rf3+ 29. Kc4 Rf2 30. Nxb4 Rf7 31. Be6 axb4 32. Bxf7+ Kxf7 33. Rg2 Kf6
34. Rxd2 g5 35. hxg6 Kxg6 36. Rg2+ Kf5 37. Kxc5 h5 38. Rh1 Ke4 39. Rxh5 Kf3 40.
Rg6 b3 41. Kd4 Ke2 42. Rh3 Kd2 43. Rg2+ 1-0

[Event "AUTO-INT-1630"]
[Site "http://www.queenalice.com/game.php?id=741120"]
[Date "2010.3.4"]
[Round "1"]
[White "tomcolli"]
[Black "El_Pagano1313"]
[Result "1-0"]
[WhiteElo "1312"]
[BlackElo "1443"]

1. c4 e5 2. Nc3 c6 3. d4 Bd6 4. d5 a6 5. Nf3 b5 6. e4 b4 7. Na4 c5 8. b3 Nf6 9.
Bd3 Ng4 10. h3 Nf6 11. O-O O-O 12. Nh4 g6 13. Bg5 h5 14. Qf3 Be7 15. d6 Bxd6 16.
Bh6 Re8 17. Qg3 Re7 18. Nf5 Bc7 19. Nxe7+ Qxe7 20. Be2 Nxe4 21. Qf3 Bb7 22. Qe3
d6 23. Bf3 Qh4 24. Bxe4 Bxe4 25. Bg5 Qxh3 26. Qxh3 Nc6 27. Qd7 Bd8 28. Bh6 Nd4
29. Qe8+ Kh7 30. Qf8 Bf6 31. Qxf7+ Kh8 32. Nb6 Ra7 33. Qxa7 1-0

[Event "AUTO-INT-1630"]
[Site "http://www.queenalice.com/game.php?id=741121"]
[Date "2010.3.4"]
[Round "1"]
[White "El_Pagano1313"]
[Black "tomcolli"]
[Result "0-1"]
[WhiteElo "1443"]
[BlackElo "1283"]

1. e4 e5 2. Nf3 Nc6 3. a3 Bc5 4. b4 Bxf2+ 5. Kxf2 Qf6 6. c3 g5 7. h3 d6 8. Bb5
Bd7 9. d3 Nh6 10. d4 g4 11. hxg4 Nxg4+ 12. Ke2 exd4 13. cxd4 h6 14. Bxc6 Bxc6
15. d5 Bb5+ 16. Ke1 Qxa1 17. Nbd2 Ne3 0-1

[Event "AUTO-INT-1630"]
[Site "http://www.queenalice.com/game.php?id=741122"]
[Date "2010.3.4"]
[Round "1"]
[White "tomcolli"]
[Black "sandromm"]
[Result "0-1"]
[WhiteElo "1406"]
[BlackElo "1766"]

1. e4 c5 2. Bc4 a6 3. Qf3 e6 4. e5 Nc6 5. Qg3 Nh6 6. Nf3 Nf5 7. Qf4 b5 8. Bd3
Nfd4 9. Ng5 f5 10. c3 c4 11. cxd4 Be7 12. Nxe6 dxe6 13. Qf3 Bb7 14. Bf1 Rb8 15.
d3 Nxd4 16. Qd1 O-O 17. Be3 Bc5 18. dxc4 bxc4 19. Bxc4 Bd5 20. Bxd4 Bxd4 21.
Qxd4 Qa5+ 22. Nd2 Rfd8 23. Qc3 Qc5 24. O-O Rbc8 25. b4 Qc7 26. Rac1 Qd7 27. Rfd1
Bxc4 28. Nxc4 Qxd1+ 29. Qe1 Qxe1+ 30. Rxe1 Rxc4 31. a3 Re4 32. Rc1 Rxe5 33. f4
Re3 34. a4 Re4 35. g3 Rxb4 36. Rc6 Rd1+ 37. Kg2 Rxa4 38. Rxe6 Kf7 39. Rb6 a5 40.
Rb5 Ke6 41. Re5+ Kf6 42. Re8 Ra2+ 43. Kh3 Rdd2 44. Rf8+ Kg6 45. Rxf5 Kxf5 46.
g4+ Kxf4 47. Kh4 Rxh2# 0-1

[Event "AUTO-INT-1630"]
[Site "http://www.queenalice.com/game.php?id=741123"]
[Date "2010.3.4"]
[Round "1"]
[White "sandromm"]
[Black "tomcolli"]
[Result "0-1"]
[WhiteElo "1721"]
[BlackElo "1372"]

1. e4 e5 2. Nf3 Nc6 3. Bc4 d6 4. Nc3 h6 5. O-O a6 6. d3 Bg4 7. h3 Bxf3 8. Qxf3
Nd4 9. Qd1 Nf6 10. Be3 c6 11. Ne2 Nxe2+ 12. Qxe2 d5 13. exd5 cxd5 14. Bb3 d4 15.
Bd2 Bd6 16. Qf3 b5 17. a4 b4 18. Rae1 a5 19. Bc4 O-O 20. Qg3 Rc8 21. b3 e4 22.
Bxh6 Bxg3 23. Bxg7 Kxg7 24. fxg3 e3 25. Rf4 Nh5 26. Rg4+ Kh8 27. Rh4 Qg5 28. Rg4
Qe5 29. Re2 Rg8 30. Re4 Qxg3 31. Bxf7 Rg5 32. Rxd4 Nf4 33. Rxf4 Qxf4 34. Be6 Rf8
35. Bg4 Qf1+ 36. Kh2 Rxg4 37. hxg4 Qxe2 38. g5 Rf2 0-1

[Event "AUTO-BEG-384"]
[Site "http://www.queenalice.com/game.php?id=743779"]
[Date "2010.3.9"]
[Round "1"]
[White "rpalmero"]
[Black "tomcolli"]
[Result "1-0"]
[WhiteElo "1587"]
[BlackElo "1389"]

1. e4 e5 2. Nf3 Nc6 3. Bc4 h6 4. Nc3 d6 5. d3 Bg4 6. Be3 Qf6 7. Nd5 Qd8 8. h3
Bxf3 9. Qxf3 Nf6 10. Nxf6+ gxf6 11. Qh5 Rh7 12. f4 Qd7 13. f5 O-O-O 14. a4 Nb4
15. Bb3 c5 16. Ke2 Kb8 17. c3 Na6 18. Rhc1 Rc8 19. d4 c4 20. Bc2 d5 21. exd5
Qxd5 22. Kf2 Rg7 23. g4 Rh7 24. Re1 Re8 25. Rad1 b5 26. Qh4 Bg7 27. Qg3 b4 28.
dxe5 Qc6 29. exf6+ Kc8 30. fxg7 Rxg7 31. Bd4 h5 32. Rxe8+ Qxe8 33. Bxg7 Nc5 34.
cxb4 Ne4+ 35. Bxe4 Qxe4 36. Bc3 Qc2+ 37. Rd2 Qxa4 38. Qd6 Qe8 39. Be5 Kb7 40.
Qc7+ Ka6 41. Rd6+ Kb5 42. Qa5# 1-0

[Event "AUTO-BEG-384"]
[Site "http://www.queenalice.com/game.php?id=743780"]
[Date "2010.3.9"]
[Round "1"]
[White "tomcolli"]
[Black "rpalmero"]
[Result "0-1"]
[WhiteElo "1398"]
[BlackElo "1578"]

1. e4 c5 2. Bc4 e6 3. e5 a6 4. Nf3 Qc7 5. O-O b5 6. Bb3 c4 7. Bxc4 bxc4 8. Nc3
Nc6 9. Re1 Bb7 10. a3 Bc5 11. d4 cxd3 12. Qxd3 Nge7 13. Ne4 Bb6 14. Bf4 Nd5 15.
Neg5 Nxf4 16. Qc4 Nd5 17. b4 Rc8 18. Qg4 h5 19. Qg3 Nde7 20. Nh4 Nd4 21. Rac1
Nef5 22. Qf4 Nxh4 23. Qxf7+ Kd8 24. Qxg7 Qc6 25. Nf7+ Kc7 26. Nd6 Rcg8 0-1

[Event "AUTO-BEG-384"]
[Site "http://www.queenalice.com/game.php?id=743795"]
[Date "2010.3.9"]
[Round "1"]
[White "Rubenscb"]
[Black "tomcolli"]
[Result "0-1"]
[WhiteElo "1217"]
[BlackElo "1458"]

1. d4 d5 2. Nf3 e6 3. e3 Bd6 4. Bd3 Nf6 5. O-O h6 6. Nbd2 O-O 7. Qe2 Nc6 8. c3
Re8 9. e4 dxe4 10. Nxe4 Nxe4 11. Qxe4 Qf6 12. Qh7+ Kf8 13. Bd2 Ke7 14. Rae1 g6
15. Qxh6 Rh8 16. Qg5 Qxg5 17. Bxg5+ f6 18. Bd2 e5 19. d5 Nd8 20. Bxg6 Rg8 21.
Nh4 c5 22. c4 f5 23. Bg5+ Kd7 24. Bxd8 Kxd8 25. Bxf5 Bxf5 26. Nxf5 Kd7 27. b3
Rae8 28. a4 a5 29. f3 Rg5 30. g4 Rgg8 31. Nxd6 Kxd6 32. h3 Rh8 33. Kg2 Reg8 34.
f4 Re8 35. fxe5+ Rxe5 36. Rxe5 Kxe5 37. Re1+ Kd6 38. Re6+ Kd7 39. g5 Rh5 40. Kg3
Rxg5+ 41. Kh4 Rg7 42. Kh5 Rg3 43. Kh4 Rxb3 44. Rg6 Rb4 45. Kg5 Rxc4 46. d6 Rxa4
47. h4 c4 48. Kf5 c3 49. Ke5 c2 50. Rg7+ Kc6 51. d7 c1=Q 52. d8=Q Qf4+ 53. Ke6
Re4# 0-1

[Event "AUTO-BEG-384"]
[Site "http://www.queenalice.com/game.php?id=743796"]
[Date "2010.3.9"]
[Round "1"]
[White "tomcolli"]
[Black "Rubenscb"]
[Result "1-0"]
[WhiteElo "1395"]
[BlackElo "1136"]

1. e4 e5 2. Bc4 Nf6 3. d3 d5 4. exd5 Nxd5 5. Qf3 Bb4+ 6. c3 Bd6 7. Bxd5 Be6 8.
Bxe6 fxe6 9. Nh3 Nd7 10. Bg5 Nf6 11. O-O O-O 12. Qxb7 Qe8 13. Qf3 c5 14. c4 Qh5
15. Qg3 Nd7 16. f3 Nf6 17. Nf4 e4 18. Nxh5 Bxg3 19. Nxg3 Rad8 20. dxe4 h6 21.
Bxf6 Rxf6 22. e5 Rf4 23. Nc3 Rxc4 24. Rad1 Rf8 25. Rd6 Re8 26. f4 Kf7 27. f5
exf5 28. Rxf5+ Ke7 29. Nd5# 1-0

[Event "Quem será o Melhor?"]
[Site "http://www.queenalice.com/game.php?id=749074"]
[Date "2010.3.20"]
[Round "-"]
[White "tomcolli"]
[Black "sa3ronaldo"]
[Result "1-0"]
[WhiteElo "1392"]
[BlackElo "1062"]

1. e4 g6 2. Bc4 e6 3. Nf3 Bg7 4. e5 Ne7 5. O-O O-O 6. d4 Nec6 7. Bg5 f6 8. Be3
fxe5 9. dxe5 Nxe5 10. Nxe5 Bxe5 11. c3 Qh4 12. g3 Qxc4 13. Nd2 Qb5 14. b4 Bxc3
15. Rc1 Bxb4 16. Rb1 Nc6 17. Qg4 1-0

[Event "sergio_damian vs. tomcolli"]
[Site "http://www.queenalice.com/game.php?id=749412"]
[Date "2010.3.21"]
[Round "-"]
[White "sergio_damian"]
[Black "tomcolli"]
[Result "1-0"]
[WhiteElo "1732"]
[BlackElo "1401"]

1. e4 e5 2. Nf3 d6 3. Bc4 Nc6 4. d3 h6 5. Nc3 Be6 6. Bb3 Nf6 7. d4 exd4 8. Nxd4
Nxd4 9. Qxd4 c5 10. Qd1 Bxb3 11. axb3 b5 12. Nd5 Qa5+ 13. Rxa5 Nxe4 14. Nc7+ Kd7
15. Nxa8 Be7 16. Qg4+ Kc6 17. Qxe4+ Kd7 18. Rxa7+ Kc8 19. Qc6+ Kd8 20. Qd7# 1-0

[Event "Challenge"]
[Site "http://www.queenalice.com/game.php?id=749429"]
[Date "2010.3.21"]
[Round "-"]
[White "FranzMeM"]
[Black "tomcolli"]
[Result "1-0"]
[WhiteElo "1347"]
[BlackElo "1412"]

1. e4 e5 2. Nf3 Nc6 3. Bc4 Nf6 4. Nc3 Nd4 5. Ng5 d5 6. exd5 h6 7. Nge4 Bg4 8.
Be2 Nxe2 9. Nxf6+ Qxf6 10. Nxe2 Bc5 11. O-O O-O 12. d3 Rad8 13. c4 Qf5 14. g3 c6
15. Qd2 cxd5 16. cxd5 Rxd5 17. b4 Rxd3 18. Qc2 Bxe2 19. Qxe2 Rf3 20. bxc5 Rc8
21. Be3 e4 22. Rac1 g5 23. a4 a5 24. Qb5 h5 25. c6 Qg4 26. Bxg5 Rf5 27. cxb7 Rb8
28. Rc8+ Kg7 29. Qb2+ f6 30. Bxf6+ Rxf6 31. Rxb8 Kg6 32. Rg8+ 1-0

[Event "Challenge"]
[Site "http://www.queenalice.com/game.php?id=749977"]
[Date "2010.3.22"]
[Round "-"]
[White "tomcolli"]
[Black "FranzMeM"]
[Result "1/2-1/2"]
[WhiteElo "1393"]
[BlackElo "1356"]

1. e4 c5 2. d4 cxd4 3. Qxd4 Nc6 4. Qc3 e5 5. Nf3 Bd6 6. Bg5 f6 7. Bh4 h6 8. Nbd2
g5 9. Bg3 a6 10. Nc4 Bb4 11. Nd6+ Kf8 12. Nxe5 Bxc3+ 13. bxc3 fxe5 14. Bxe5 Nxe5
15. O-O-O Qa5 16. c4 Nf6 17. Kb2 Qb4+ 18. Ka1 Qc3+ 19. Kb1 Qb4+ 20. Kc1 Qa3+ 21.
Kb1 1/2-1/2

[Event "Challenge"]
[Site "http://www.queenalice.com/game.php?id=757963"]
[Date "2010.4.8"]
[Round "-"]
[White "CristianLonghinoti"]
[Black "tomcolli"]
[Result "0-1"]
[WhiteElo "1375"]
[BlackElo "1402"]

1. e4 e5 2. Nf3 d6 3. d3 Be6 4. h3 Nd7 5. Be2 c5 6. a4 Ne7 7. b3 Ng6 8. Bg5 Be7
9. Qd2 Bxg5 10. Nxg5 O-O 11. Nc3 h6 12. Nf3 a6 13. O-O Nf4 14. Bd1 Qf6 15. Na2
Qg6 16. Nh4 Qg5 17. g3 Bxh3 18. Re1 Bg4 19. Nc3 Nh3+ 20. Kf1 Qxd2 21. Bxg4 Qxf2#
0-1

[Event "Let's Play Chess!"]
[Site "http://www.queenalice.com/game.php?id=766811"]
[Date "2010.4.26"]
[Round "-"]
[White "tomcolli"]
[Black "Racey"]
[Result "0-1"]
[WhiteElo "1475"]
[BlackElo "1362"]

1. e4 e5 2. Bc4 Qh4 3. d3 Bc5 4. Qf3 Nf6 5. g3 Qg4 6. Qxg4 Nxg4 7. Nh3 a5 8. f3
Nf6 9. Ng5 O-O 10. Nc3 b5 11. Bxb5 a4 12. Bc4 Bd4 13. Bxf7+ Kh8 14. Bd5 Ra5 15.
Nf7+ Kg8 16. Nxe5+ Nxd5 17. Nxd5 c6 18. Nc4 cxd5 19. Nxa5 Rxf3 20. c3 Bb6 21.
Nb3 axb3 22. Bf4 Na6 23. axb3 Rxd3 24. exd5 Rxd5 25. b4 h5 26. h4 Rf5 27. Rd1 d5
28. Rh2 Rf6 29. Rxd5 g6 30. Re2 Bg4 31. Re8+ Kf7 32. Ra8 Re6+ 33. Re5 Rd6 34.
Kf1 Rd1+ 35. Re1 Nc7 36. Rb8 Ba7 37. Rb7 Bh3+ 0-1

[Event "Challenge"]
[Site "http://www.queenalice.com/game.php?id=766812"]
[Date "2010.4.26"]
[Round "-"]
[White "tomcolli"]
[Black "AndreaLM"]
[Result "0-1"]
[WhiteElo "1475"]
[BlackElo "1847"]

1. e4 d5 2. exd5 Qxd5 3. Nc3 Qa5 4. d4 Nf6 5. Bf4 Bg4 6. f3 Bf5 7. Bd3 Bg6 8.
Bd2 Bxd3 9. cxd3 Nc6 10. Nd5 Qxd5 11. Qa4 Qxd4 12. Qxd4 Nxd4 13. Rc1 O-O-O 14.
Rc4 Nc6 15. Ne2 Ne5 16. Rc3 Nxd3+ 17. Kf1 Nxb2 18. Be1 e6 19. g4 Nd3 20. Bg3 c6
21. Kg2 Nb4 22. Ra1 Rd2 23. Re1 Nd3 24. Rxd3 Rxd3 25. Nf4 Rd2+ 26. Re2 Rxe2+ 27.
Nxe2 Bc5 28. Nc3 Rd8 29. g5 Rd2+ 30. Kh3 Nd5 31. Ne4 Rc2 32. Be5 f5 33. gxf6
gxf6 34. Bxf6 Nxf6 35. Nxf6 Rxa2 36. Nxh7 Be7 37. Kg3 b5 38. h4 b4 39. Ng5 b3
0-1